Ley del impuesto al valor agregado (Registro nro. 846)
[ vista simple ]
| 000 -LEADER | |
|---|---|
| fixed length control field | 01795 a2200229 4500 |
| 001 - CONTROL NUMBER | |
| control field | 21688 |
| 005 - DATE AND TIME OF LATEST TRANSACTION | |
| control field | 20260407155507.0 |
| 008 - FIXED-LENGTH DATA ELEMENTS--GENERAL INFORMATION | |
| fixed length control field | 260407a2005 arg spa d |
| 003 - CONTROL NUMBER IDENTIFIER | |
| control field | AR-UNSa-BCEJYS |
| 040 ## - CATALOGING SOURCE | |
| Original cataloging agency | AR-UNSa-BCEJYS |
| Language of cataloging | spa |
| Transcribing agency | AR-UNSa-BCEJYS |
| 080 ## - UNIVERSAL DECIMAL CLASSIFICATION NUMBER | |
| Universal Decimal Classification number | 336.226.3 |
| Common auxiliary subdivision | Impuestos por el uso de los ingresos. Impuestos al consumo. IVA |
| 020 ## - INTERNATIONAL STANDARD BOOK NUMBER | |
| International Standard Book Number | 987-03-0728-5 |
| 041 ## - LANGUAGE CODE | |
| Language code of text/sound track or separate title | spa |
| 100 1# - MAIN ENTRY--PERSONAL NAME | |
| Personal name | Oklander, Juan |
| 245 10 - TITLE STATEMENT | |
| Title | Ley del impuesto al valor agregado |
| 264 #1 - PRODUCTION, PUBLICATION, DISTRIBUTION, MANUFACTURE, AND COPYRIGHT NOTICE | |
| Place of production, publication, distribution, manufacture | Buenos Aires : |
| Name of producer, publisher, distributor, manufacturer | La Ley |
| Date of production, publication, distribution, manufacture, or copyright notice | 2005 |
| 300 ## - PHYSICAL DESCRIPTION | |
| Extent | xxx, 793 p. |
| Dimensions | 24 cm. |
| 505 ## - FORMATTED CONTENTS NOTE | |
| Formatted contents note | 1. Sumario introducción - 2. Sumario Art.1 - 3. Sumario Art.2 - 4. Sumario Art.3 - 5. Sumario Art.4 - 6. Sumario Art.5 - 7. Sumario Art.6 - 8. Sumario Art.7- 9. Sumario Art.7+1 - 10. Sumario Art.8- 11. Sumario Art.9 - 12. Sumario Art.10- 13. Sumario Art.11 - 14. Sumario Art.12 - 15. Sumario Art.13 - 16. Sumario Art.15 - 17. Sumario Art.16 - 18. Sumario Art.17 - 19. Sumario Art.18 - 20. Sumario Art.19 - 21. Sumario Art.22 - 22. Sumario Art.23- 23. Sumario Art.23 - 24. Sumario Art.24 - 25. Sumario Art.24+1- 26. Sumario Art.25 - 27. Sumario Art.26 - 28. Sumario Art.26+1 - 29. Sumario Art.27 - 30. Sumario Art.28 - 31. Sumario Art.36 - 32. Sumario Art.37 - 33. Sumario Art.39 - 34. Sumario Art.40 - 35. Sumario Art.41 - 36. Sumario Art.42 - 37. Sumario Art. 43 - 38. Sumario Art. 43+1 - 39. Sumario Art. 45 - 40. Sumario Art.46 - 41. Sumario Art.47 - 42. Sumario Art.48 - 43. Sumario Art.50 - 44. Sumario Art.50+1 - 45. Sumario Art.51 - 46. Sumario Art.52 - 47. Sumario Art.53 - 48. Sumario Art.54 - 49. Sumario Art.54 +1. |
| 590 ## - LOCAL NOTE (RLIN) | |
| Local note | niveau_biblio:m niveau_hierar:0 |
| 856 41 - ELECTRONIC LOCATION AND ACCESS | |
| Uniform Resource Identifier | <a href="https://biblioeco.unsa.edu.ar/pmb/images/libros/Ley del Impuesto al Valor Agregado.jpg">https://biblioeco.unsa.edu.ar/pmb/images/libros/Ley del Impuesto al Valor Agregado.jpg</a> |
| Link text | Imagen de portada |
| Electronic format type | image/jpeg |
| 942 ## - ADDED ENTRY ELEMENTS (KOHA) | |
| Koha item type | |
| Withdrawn status | Lost status | Damaged status | Not for loan | Home library | Current library | Shelving location | Date acquired | Total checkouts | Full call number | Barcode | Date last seen | Price effective from | Koha item type |
|---|---|---|---|---|---|---|---|---|---|---|---|---|---|
| Biblioteca Prof. Eusebio Cleto del Rey | Biblioteca Prof. Eusebio Cleto del Rey | 07/04/2026 | P336.226.3 O41 | L119523 | 07/04/2026 | 07/04/2026 | Libro |